[Event "WY U-16 Chess Olympiad 2019"]
[Site "Corum"]
[Date "2019.11.04"]
[Round "8"]
[White "Dinham, James"]
[Black "Claassen, Anke"]
[Result "1-0"]
[WhiteElo "1589"]
[BlackElo "1295"]
[Annotator "NA"]
[PlyCount "63"]
[EventDate "2019.10.28"]
[EventType "team-tourn"]
[EventCountry "TUR"]
[SourceTitle "playchess.com"]
[Source "ChessBase"]
[SourceQuality "1"]

1. e4 e5 2. Nf3 Nc6 3. Bc4 Bc5 4. c3 Qe7 5. O-O Nf6 6. d4 Bb6 7. Re1 O-O 8. d5 Nd8 9. h3 d6 10. Nbd2 h6 11. Nf1 Nh7 12. a4 a6 13. Ng3 f5 14. exf5 Bxf5 15. Nxf5 Rxf5 16. Be3 Bxe3 17. Rxe3 Nf7 18. Bd3 Rf6 19. Qc2 Nhg5 20. Nh2 Nh8 21. Ng4 Rff8 22. h4 Rf4 23. hxg5 Rxg4 24. Bh7+ Kf8 25. Qf5+ Ke8 26. Qxg4 g6 27. Bg8 hxg5 28. Rh3 Qg7 29. Qe6+ Qe7 30. Rxh8 Qxe6 31. Bxe6+ Ke7 32. Rxa8 1-0

[Event "WY U-16 Chess Olympiad 2019"]
[Site "Corum"]
[Date "2019.11.04"]
[Round "8"]
[White "Jingjang, Shin"]
[Black "Zholdoshmamatov, Adilet"]
[Result "1-0"]
[WhiteElo "1584"]
[BlackElo "1682"]
[Annotator "NA"]
[PlyCount "74"]
[EventDate "2019.10.28"]
[EventType "team-tourn"]
[EventCountry "TUR"]
[SourceTitle "playchess.com"]
[Source "ChessBase"]
[SourceQuality "1"]

1. d4 Nf6 2. Nf3 g6 3. Bg5 Bg7 4. Nbd2 d5 5. e3 O-O 6. c4 Bg4 7. Be2 c5 8. dxc5 Na6 9. O-O Nxc5 10. h3 Bf5 11. Nd4 Bd3 12. b4 Bxe2 13. Qxe2 Nce4 14. Bxf6 Nxf6 15. Rac1 dxc4 16. Nxc4 Nd5 17. Rfd1 Qe8 18. a3 Rc8 19. Qf3 Bxd4 20. Qxd5 b5 21. Qxd4 bxc4 22. Rxc4 Rxc4 23. Qxc4 Qa4 24. Rd3 a5 25. Qb3 Qb5 26. Rd5 Qe2 27. Qd1 Qxd1+ 28. Rxd1 axb4 29. axb4 Rb8 30. Rb1 Rb5 31. Kf1 Kf8 32. Ke2 Ke8 33. Kd3 Kd7 34. Kc4 Kc6 35. f4 e5 36. Ra1 Kb6 37. Ra5 Kc6 1-0

[Event "WY U-16 Chess Olympiad 2019"]
[Site "Corum"]
[Date "2019.11.04"]
[Round "8"]
[White "Ismayilov, Arturan"]
[Black "Wong Ching Chi"]
[Result "0-1"]
[WhiteElo "1561"]
[BlackElo "1879"]
[Annotator "NA RC"]
[PlyCount "98"]
[EventDate "2019.10.28"]
[EventType "team-tourn"]
[EventCountry "TUR"]
[SourceTitle "playchess.com"]
[Source "ChessBase"]
[SourceQuality "1"]

1. e4 c5 2. Nf3 d6 3. d4 cxd4 4. Nxd4 Nf6 5. Nc3 a6 6. h3 Qc7 7. g4 e5 8. Nde2 Be6 9. Bg2 Be7 10. O-O b5 11. a3 Nbd7 12. Be3 Nb6 13. Kh1 Nc4 14. Bc1 Rd8 15. f4 d5 16. exd5 e4 17. Nd4 Nxd5 18. Nxd5 Bxd5 19. c3 Qb7 20. b3 Nd6 21. Be3 O-O 22. g5 f5 23. Qh5 Rc8 24. Rfc1 Bd8 25. Rab1 Qf7 26. Qe2 Ba5 27. Qb2 Rb8 28. Qd2 Bb6 29. Rd1 Bxb3 30. Rxb3 Bxd4 31. Qxd4 Qxb3 32. Qxd6 Rbd8 33. Qxd8 Rxd8 34. Rxd8+ Kf7 35. Bd4 Qxa3 36. Rd7+ Ke8 37. Rxg7 Qc1+ 38. Kh2 Qxf4+ 39. Kh1 Qc1+ 40. Kh2 Qd2 41. Kg1 b4 42. Rc7 Qc1+ 43. Bf1 Qxg5+ 44. Kh1 Qc1 45. Kg2 Qd2+ 46. Kh1 b3 47. Bf6 b2 48. Re7+ Kf8 49. Rb7 Qc1 0-1

[Event "WY U-16 Chess Olympiad 2019"]
[Site "Corum"]
[Date "2019.11.04"]
[Round "8"]
[White "Magzumov, Damirali"]
[Black "Taban, Yagiz"]
[Result "1-0"]
[WhiteElo "1522"]
[BlackElo "1591"]
[Annotator "NA"]
[PlyCount "55"]
[EventDate "2019.10.28"]
[EventType "team-tourn"]
[EventCountry "TUR"]
[SourceTitle "playchess.com"]
[Source "ChessBase"]
[SourceQuality "1"]

1. e4 c5 2. Nf3 e6 3. d4 cxd4 4. Nxd4 a6 5. Bd3 Qc7 6. c4 Nf6 7. Qe2 Nc6 8. Nxc6 dxc6 9. O-O e5 10. h3 h5 11. Be3 h4 12. Nc3 Nh5 13. Rad1 Be6 14. Rfe1 f6 15. c5 Qf7 16. b4 g5 17. Na4 Rg8 18. Nb6 Rd8 19. Bc4 Rxd1 20. Rxd1 g4 21. hxg4 Bxc4 22. Nxc4 Ng7 23. Qd3 Ne6 24. f3 Qc7 25. Nb6 Rg7 26. Qe2 a5 27. Qc4 Re7 28. bxa5 1-0

[Event "WY U-16 Chess Olympiad 2019"]
[Site "Corum"]
[Date "2019.11.04"]
[Round "8"]
[White "Louw, Carlo"]
[Black "Dahampriya, H K T Dewnethmie"]
[Result "0-1"]
[WhiteElo "1518"]
[BlackElo "1629"]
[Annotator "NA RC"]
[PlyCount "100"]
[EventDate "2019.10.28"]
[EventType "team-tourn"]
[EventCountry "TUR"]
[SourceTitle "playchess.com"]
[Source "ChessBase"]
[SourceQuality "1"]

1. e4 c5 2. Nf3 d6 3. c4 Bg4 4. Be2 Nc6 5. Nc3 g6 6. d3 Bg7 7. O-O e6 8. Be3 Nge7 9. Qd2 O-O 10. Ng5 Bxe2 11. Nxe2 Qd7 12. d4 cxd4 13. Nxd4 Ne5 14. Qe2 h6 15. Ngf3 Ng4 16. Bd2 e5 17. Nb5 a6 18. Nc3 f5 19. Nh4 f4 20. Nd5 Nxd5 21. cxd5 Kh7 22. Rac1 Nf6 23. Rc2 Qa4 24. Qc4 Qxc4 25. Rxc4 Rfc8 26. Rfc1 Rxc4 27. Rxc4 b5 28. Rc6 Nxe4 29. Bb4 a5 30. Bxd6 Rd8 31. Be7 Rxd5 32. h3 Rd1+ 33. Kh2 Nxf2 34. g4 Rd2 35. Rc7 Nxg4+ 36. Kg1 Rd1+ 37. Kg2 Ne3+ 38. Kf2 Kg8 39. Nxg6 Nf5 40. Bc5 Rd2+ 41. Kf3 Rd3+ 42. Ke4 Rg3 43. Nxf4 exf4 44. Kxf5 f3 45. Bf2 Rxh3 46. Kg6 Bf8 47. Rc8 Rh2 48. Bc5 Rg2+ 49. Kh5 Rg5+ 50. Kh4 Rxc5 0-1

[Event "WY U-16 Chess Olympiad 2019"]
[Site "Corum"]
[Date "2019.11.04"]
[Round "8"]
[White "Lee, Dariya"]
[Black "Mekarapiruk, Nathasha"]
[Result "1-0"]
[WhiteElo "1423"]
[BlackElo "1227"]
[Annotator "NA RC"]
[PlyCount "89"]
[EventDate "2019.10.28"]
[EventType "team-tourn"]
[EventCountry "TUR"]
[SourceTitle "playchess.com"]
[Source "ChessBase"]
[SourceQuality "1"]

1. c4 e6 2. e4 d5 3. exd5 exd5 4. d4 Nf6 5. Nc3 Be7 6. Nf3 O-O 7. c5 Bf5 8. Bd3 Ne4 9. Qc2 Re8 10. O-O Bf6 11. Be3 g6 12. h3 Qd7 13. Rfe1 Nc6 14. a3 b6 15. Qa4 Nxc3 16. Bxf5 gxf5 17. bxc3 bxc5 18. Rac1 c4 19. Bf4 Rab8 20. Rxe8+ Rxe8 21. Rb1 Rb8 22. Rxb8+ Nxb8 23. Qxa7 Qb5 24. Qxc7 Qb1+ 25. Kh2 Na6 26. Qc8+ Kg7 27. Qxa6 Qb3 28. Qa5 Qc2 29. Bg3 Qe4 30. Qc7 Qc2 31. Ne5 Bxe5 32. Qxe5+ f6 33. Qe3 Qb3 34. Bd6 Qb7 35. Qe7+ Qxe7 36. Bxe7 Kf7 37. Bc5 Ke6 38. a4 Kd7 39. a5 Kc7 40. a6 Kb8 41. Kg3 h6 42. Kf4 h5 43. Kxf5 h4 44. Kxf6 Ka8 45. f4 1-0

[Event "WY U-16 Chess Olympiad 2019"]
[Site "Corum"]
[Date "2019.11.04"]
[Round "8"]
[White "Cheng, Amanda"]
[Black "Prasitsoonthorn, Teerachoti"]
[Result "1-0"]
[WhiteElo "1420"]
[BlackElo "1866"]
[Annotator "NA"]
[PlyCount "55"]
[EventDate "2019.10.28"]
[EventType "team-tourn"]
[EventCountry "TUR"]
[SourceTitle "playchess.com"]
[Source "ChessBase"]
[SourceQuality "1"]

1. e4 c5 2. d4 cxd4 3. c3 dxc3 4. Nxc3 Nc6 5. Nf3 d6 6. Bc4 Nf6 7. e5 Ng4 8. exd6 exd6 9. O-O Be7 10. Bf4 Nge5 11. Nxe5 dxe5 12. Bd2 O-O 13. Qe2 Bg5 14. Rad1 Nd4 15. Qe1 Bxd2 16. Qxd2 Qc7 17. Qd3 Bf5 18. Qe3 Qxc4 19. Qxe5 Rad8 20. Rfe1 Rde8 21. Qxe8 Ne6 22. Qb5 Qg4 23. Qxb7 Qg6 24. Nd5 Kh8 25. Ne7 Qf6 26. Nxf5 Qxf5 27. Qxa7 h6 28. Rd2 1-0

[Event "WY U-16 Chess Olympiad 2019"]
[Site "Corum"]
[Date "2019.11.04"]
[Round "8"]
[White "Ozdilli, Mustafa Alper"]
[Black "Pirmetova, Dariga"]
[Result "0-1"]
[WhiteElo "1328"]
[BlackElo "1379"]
[Annotator "NA RC"]
[PlyCount "86"]
[EventDate "2019.10.28"]
[EventType "team-tourn"]
[EventCountry "TUR"]
[SourceTitle "playchess.com"]
[Source "ChessBase"]
[SourceQuality "1"]

1. e4 Nf6 2. e5 Nd5 3. c4 Nb6 4. c5 Nd5 5. d4 d6 6. cxd6 exd6 7. Nf3 Bg4 8. Bc4 c6 9. O-O Be7 10. h3 Bh5 11. Qb3 Nb6 12. e6 Nxc4 13. Qxc4 fxe6 14. Qxe6 Bxf3 15. gxf3 Qd7 16. Qe2 O-O 17. Kh2 Na6 18. Rg1 Bf6 19. Qd1 c5 20. dxc5 Nxc5 21. Qd5+ Qe6 22. Rd1 Be5+ 23. Kg2 Rf6 24. Nc3 Raf8 25. f4 Bxf4 26. Re1 Qf7 27. Bxf4 Rxf4 28. Rf1 Rf5 29. Qxf7+ R8xf7 30. Rad1 R7f6 31. Rd5 Rg6+ 32. Kh2 Rxd5 33. Nxd5 Kf7 34. Rc1 Rg5 35. Ne3 Re5 36. Rc4 Re4 37. Nf5 Rxc4 38. Nxd6+ Ke6 39. Nxc4 Nd3 40. Kg3 b5 41. Na3 a6 42. Kf3 Nxb2 43. Ke4 Nd1 0-1

[Event "WY U-16 Chess Olympiad 2019"]
[Site "Corum"]
[Date "2019.11.04"]
[Round "8"]
[White "Shaw, Laurie Ann"]
[Black "Putter, Nicola"]
[Result "1-0"]
[WhiteElo "1274"]
[BlackElo "1421"]
[Annotator "NA RC"]
[PlyCount "65"]
[EventDate "2019.10.28"]
[EventType "team-tourn"]
[EventCountry "TUR"]
[SourceTitle "playchess.com"]
[Source "ChessBase"]
[SourceQuality "1"]

1. d4 d5 2. c4 e6 3. Nc3 Nf6 4. cxd5 exd5 5. Bg5 Be7 6. e3 c6 7. Bd3 Nbd7 8. Qc2 O-O 9. Nf3 Re8 10. O-O Nf8 11. Rab1 Ng6 12. b4 a6 13. a4 Bd6 14. b5 axb5 15. axb5 h6 16. Bxf6 Qxf6 17. bxc6 bxc6 18. Rb6 Bg4 19. Be2 Bxf3 20. Bxf3 Nh4 21. Qe2 Reb8 22. Rxb8+ Rxb8 23. Bg4 c5 24. Nxd5 Qg5 25. Bf3 cxd4 26. exd4 Nxf3+ 27. Qxf3 Rb5 28. Ne3 Qh4 29. g3 Qxd4 30. Rd1 Qb4 31. Qc6 Rb6 32. Qe8+ Bf8 33. Rd7 1-0

[Event "WY U-16 Chess Olympiad 2019"]
[Site "Corum"]
[Date "2019.11.04"]
[Round "8"]
[White "Bester, Carla"]
[Black "Schnabel, Johann Emil"]
[Result "0-1"]
[WhiteElo "1260"]
[BlackElo "1708"]
[Annotator "NA"]
[PlyCount "80"]
[EventDate "2019.10.28"]
[EventType "team-tourn"]
[EventCountry "TUR"]
[SourceTitle "playchess.com"]
[Source "ChessBase"]
[SourceQuality "1"]

1. e4 c5 2. Nf3 Nc6 3. d4 cxd4 4. Nxd4 g6 5. Nc3 Bg7 6. Be3 Nf6 7. Bc4 Qa5 8. O-O O-O 9. Nb3 Qd8 10. Be2 d6 11. f4 Bd7 12. Bf3 Qc8 13. Ne2 Bg4 14. Ng3 Bxf3 15. Qxf3 Qg4 16. Nd2 Qxf3 17. Nxf3 Ng4 18. Bc1 Nb4 19. c3 Nd3 20. h3 Nxc1 21. Raxc1 Ne3 22. Rfe1 Nc4 23. Re2 Bh6 24. Ng5 e5 25. h4 exf4 26. Nf1 f3 27. gxf3 f6 28. f4 fxg5 29. fxg5 Bg7 30. b3 Ne5 31. Ne3 Nf3+ 32. Kh1 Nxh4 33. Nd5 Nf3 34. Rg2 Rae8 35. Rg4 Nd2 36. Re1 Rf1+ 37. Rxf1 Nxf1 38. Kg2 Nd2 39. Kg3 Nxe4+ 40. Kf3 Nxc3 0-1

[Event "WY U-16 Chess Olympiad 2019"]
[Site "Corum"]
[Date "2019.11.04"]
[Round "8"]
[White "Mohamed Ali S"]
[Black "Cheah, Kah Hoe"]
[Result "0-1"]
[WhiteElo "1073"]
[BlackElo "1815"]
[Annotator "NA"]
[PlyCount "62"]
[EventDate "2019.10.28"]
[EventType "team-tourn"]
[EventCountry "TUR"]
[SourceTitle "playchess.com"]
[Source "ChessBase"]
[SourceQuality "1"]

1. e4 e6 2. d4 d5 3. e5 c5 4. c3 Nc6 5. Nf3 Nge7 6. Bd3 cxd4 7. cxd4 Nf5 8. Bxf5 exf5 9. Nc3 Be6 10. O-O Be7 11. Re1 g5 12. h3 h5 13. g3 g4 14. hxg4 hxg4 15. Nh2 Qb6 16. Be3 O-O-O 17. b3 Rh5 18. Na4 Qc7 19. f3 Rh3 20. Kg2 gxf3+ 21. Qxf3 Rdh8 22. Rh1 Qd8 23. Nc5 Qg8 24. Nxe6 fxe6 25. Rad1 Qh7 26. Bg1 Bg5 27. Rd3 f4 28. Qe2 fxg3 29. Rxg3 Rxg3+ 30. Kxg3 Qh3+ 31. Kf2 Bh4# 0-1

[Event "WY U-16 Chess Olympiad 2019"]
[Site "Corum"]
[Date "2019.11.05"]
[Round "9"]
[White "Sindarov, Javokhir"]
[Black "Berdnyk, Mariia"]
[Result "1-0"]
[WhiteElo "2513"]
[BlackElo "2349"]
[Annotator "TA"]
[PlyCount "65"]
[EventDate "2019.10.28"]
[EventType "team-tourn"]
[EventCountry "TUR"]
[SourceTitle "playchess.com"]
[Source "ChessBase"]
[SourceQuality "1"]

1. e4 c5 2. Nf3 d6 3. d4 cxd4 4. Nxd4 Nf6 5. Nc3 g6 6. f3 Bg7 7. Be3 O-O 8. Bc4 Nc6 9. Bb3 Bd7 10. h4 h5 11. Qd2 Rc8 12. O-O-O Ne5 13. g4 hxg4 14. h5 Nxh5 15. Rdg1 Rxc3 16. bxc3 Qa5 17. f4 Nc6 18. f5 Ne5 19. Bh6 Bf6 20. fxg6 Nxg6 21. Nf5 Bxf5 22. Rxh5 Qa3+ 23. Kb1 Bxe4 24. Rxg4 d5 25. Rxd5 Bxd5 26. Rxg6+ fxg6 27. Qxd5+ e6 28. Qxe6+ Kh7 29. Qh3 Bh4 30. Bxf8 Qxf8 31. Qxh4+ Kg7 32. Qd4+ Kh6 33. Qxa7 1-0

[Event "WY U-16 Chess Olympiad 2019"]
[Site "Corum"]
[Date "2019.11.05"]
[Round "9"]
[White "Galperin, Platon"]
[Black "Abdusattorov, Nodirbek"]
[Result "0-1"]
[WhiteElo "2469"]
[BlackElo "2608"]
[Annotator "TA"]
[PlyCount "50"]
[EventDate "2019.10.28"]
[EventType "team-tourn"]
[EventCountry "TUR"]
[SourceTitle "playchess.com"]
[Source "ChessBase"]
[SourceQuality "1"]

1. d4 Nf6 2. c4 e6 3. g3 c5 4. d5 exd5 5. cxd5 d6 6. Nc3 g6 7. Bg2 Bg7 8. Nf3 O-O 9. O-O Re8 10. Re1 Ne4 11. Nxe4 Rxe4 12. Qc2 Re8 13. Bf4 Na6 14. e4 Bg4 15. Nd2 g5 16. Be3 b5 17. h3 Bh5 18. Rac1 Nb4 19. Qb1 Bg6 20. Bf1 c4 21. Qa1 f5 22. a4 f4 23. gxf4 gxf4 24. Bxf4 Rf8 25. Be3 Nd3 0-1

[Event "WY U-16 Chess Olympiad 2019"]
[Site "Corum"]
[Date "2019.11.05"]
[Round "9"]
[White "Alexakis, Dimitris"]
[Black "Miletic, Vuk"]
[Result "1-0"]
[WhiteElo "2459"]
[BlackElo "2105"]
[Annotator "TA"]
[PlyCount "35"]
[EventDate "2019.10.28"]
[EventType "team-tourn"]
[EventCountry "TUR"]
[SourceTitle "playchess.com"]
[Source "ChessBase"]
[SourceQuality "1"]

1. e4 c5 2. Nf3 Nc6 3. d4 cxd4 4. Nxd4 g6 5. c4 Nf6 6. Nc3 Nxd4 7. Qxd4 d6 8. f3 Bg7 9. Be3 O-O 10. Qd2 a5 11. Na4 Nd7 12. O-O-O b6 13. h4 Rb8 14. h5 Nc5 15. Nc3 Re8 16. g4 Ne6 17. hxg6 hxg6 18. f4 1-0

[Event "WY U-16 Chess Olympiad 2019"]
[Site "Corum"]
[Date "2019.11.05"]
[Round "9"]
[White "Murzin, Volodar"]
[Black "Nogerbek, Kazybek"]
[Result "1/2-1/2"]
[WhiteElo "2433"]
[BlackElo "2387"]
[Annotator "ChessBase"]
[PlyCount "114"]
[EventDate "2019.10.28"]
[EventType "team-tourn"]
[EventCountry "TUR"]
[SourceTitle "playchess.com"]
[Source "ChessBase"]
[SourceQuality "1"]

1. e4 c5 2. Nf3 g6 3. c4 Nc6 4. d4 cxd4 5. Nxd4 Nf6 6. Nc3 Nxd4 7. Qxd4 d6 8. Be3 Bg7 9. Be2 O-O 10. Qd2 a5 11. O-O a4 12. Bd4 Bd7 13. Rae1 Bc6 14. Bd3 Qa5 15. Kh1 Rad8 16. f3 Nd7 17. Bxg7 Kxg7 18. Re3 e5 19. Rd1 Nc5 20. Bf1 h5 21. Re2 Ne6 22. Re3 Nc5 23. Qf2 Qc7 24. Qh4 Rfe8 25. Re2 Qe7 26. Qxe7 Rxe7 27. Red2 Red7 28. Kg1 h4 29. Kf2 f5 30. exf5 gxf5 31. Nd5 Bxd5 32. Rxd5 f4 33. g3 hxg3+ 34. hxg3 fxg3+ 35. Kxg3 Kf6 36. Kf2 Ke7 37. Bh3 Rc7 38. Rg1 Rc6 39. Ke3 Rf8 40. Rg7+ Rf7 41. Rxf7+ Kxf7 42. f4 exf4+ 43. Kxf4 Rb6 44. Rd2 Ke7 45. Bf1 Ra6 46. Ke3 Ra8 47. Bg2 Rg8 48. Re2 Kd7 49. Kd2 Rg3 50. Kc2 Kc7 51. Bd5 Kb6 52. Rg2 Rh3 53. Rg7 Nd3 54. Kc3 Nf4+ 55. Kb4 Nd3+ 56. Kc3 Nf4+ 57. Kb4 Nd3+ 1/2-1/2

[Event "WY U-16 Chess Olympiad 2019"]
[Site "Corum"]
[Date "2019.11.05"]
[Round "9"]
[White "Suleymanli, Aydin"]
[Black "Yu, Kaifeng"]
[Result "1-0"]
[WhiteElo "2426"]
[BlackElo "2367"]
[Annotator "TA"]
[PlyCount "67"]
[EventDate "2019.10.28"]
[EventType "team-tourn"]
[EventCountry "TUR"]
[SourceTitle "playchess.com"]
[Source "ChessBase"]
[SourceQuality "1"]

1. d4 Nf6 2. c4 e6 3. Nc3 d5 4. Bg5 Be7 5. e3 O-O 6. cxd5 exd5 7. Bd3 c6 8. Qc2 h6 9. Bh4 Be6 10. Nge2 Nh5 11. Bxe7 Qxe7 12. h3 Nd7 13. O-O-O b5 14. Kb1 Rfc8 15. f4 Nb6 16. g4 Nf6 17. g5 hxg5 18. fxg5 Nfd7 19. Nf4 b4 20. Nce2 c5 21. Nxe6 Qxe6 22. Nf4 Qxe3 23. Bh7+ Kh8 24. Qf5 Qe4+ 25. Qxe4 dxe4 26. Bxe4 Rab8 27. g6 Re8 28. Bc6 Re7 29. Rhe1 Rxe1 30. Rxe1 fxg6 31. Re7 Kh7 32. Bxd7 Rb7 33. Nxg6 Kxg6 34. Be8+ 1-0

[Event "WY U-16 Chess Olympiad 2019"]
[Site "Corum"]
[Date "2019.11.05"]
[Round "9"]
[White "Lin, Yi"]
[Black "Muradli, Mahammad"]
[Result "1/2-1/2"]
[WhiteElo "2425"]
[BlackElo "2459"]
[Annotator "ChessBase"]
[PlyCount "115"]
[EventDate "2019.10.28"]
[EventType "team-tourn"]
[EventCountry "TUR"]
[SourceTitle "playchess.com"]
[Source "ChessBase"]
[SourceQuality "1"]

1. d4 d5 2. c4 e6 3. Nf3 Nf6 4. g3 dxc4 5. Bg2 Bb4+ 6. Bd2 a5 7. Qc2 Bxd2+ 8. Qxd2 c6 9. a4 Ne4 10. Qf4 Qb6 11. Ne5 f6 12. Nxc4 Qb4+ 13. Nbd2 Nxd2 14. Nxd2 e5 15. dxe5 Qxb2 16. Rb1 Qxe5 17. Qxe5+ fxe5 18. Nc4 Kd8 19. Nxe5 Kc7 20. O-O Rd8 21. Rfc1 Rd4 22. Nc4 Be6 23. Na3 Rb4 24. Nb5+ Kb6 25. Nd4 Ba2 26. Ra1 Rxd4 27. Rxa2 Na6 28. Rb2+ Rb4 29. Rcb1 Rd8 30. Be4 Rd1+ 31. Rxd1 Rxb2 32. Bxh7 Nc5 33. Rd4 Ra2 34. Rg4 Nxa4 35. Rxg7 Nc3 36. Bg8 Ra1+ 37. Kg2 a4 38. h4 Nxe2 39. h5 Rg1+ 40. Kh2 Rf1 41. Rf7 a3 42. Rf3 Nd4 43. Rxa3 Rxf2+ 44. Kh3 Rf8 45. Ba2 Kc5 46. g4 Kd6 47. g5 Ke5 48. g6 Kf6 49. Ra7 Re8 50. Rxb7 Re3+ 51. Kg4 Re4+ 52. Kg3 Nf5+ 53. Kf3 Re7 54. Rb6 Kg5 55. Bb1 Nd4+ 56. Kg3 Kxh5 57. Rb8 Kg5 58. Rd8 1/2-1/2

[Event "WY U-16 Chess Olympiad 2019"]
[Site "Corum"]
[Date "2019.11.05"]
[Round "9"]
[White "Shubin, Kirill"]
[Black "Isanzhulov, Arystan"]
[Result "1/2-1/2"]
[WhiteElo "2416"]
[BlackElo "2305"]
[Annotator "TA"]
[PlyCount "89"]
[EventDate "2019.10.28"]
[EventType "team-tourn"]
[EventCountry "TUR"]
[SourceTitle "playchess.com"]
[Source "ChessBase"]
[SourceQuality "1"]

1. e4 c5 2. Nf3 g6 3. d4 cxd4 4. Nxd4 Nc6 5. c4 Nf6 6. Nc3 Nxd4 7. Qxd4 d6 8. Bg5 Bg7 9. Be2 O-O 10. Qd2 Be6 11. Rc1 Qa5 12. f3 Rfc8 13. Nd5 Qxd2+ 14. Kxd2 Kf8 15. Nxf6 Bxf6 16. Bxf6 exf6 17. Rhd1 Ke7 18. f4 a5 19. a4 g5 20. Ke3 gxf4+ 21. Kxf4 Rc5 22. Rd4 Ra6 23. b3 Rac6 24. Rcd1 Rg5 25. g3 Rb6 26. R1d3 Rg6 27. h3 Rg8 28. Re3 Rc6 29. Red3 Rg5 30. h4 Rg8 31. Bd1 Rg7 32. Rd2 Ra6 33. R4d3 Rc6 34. Be2 Rg8 35. Bd1 Rb6 36. Kf3 Rc6 37. Kg2 Rg7 38. Kh2 Rg8 39. Rf2 Rc5 40. Rf4 b6 41. Rdf3 Rg6 42. Rf2 Re5 43. h5 Rgg5 44. g4 Rg7 45. Kh1 1/2-1/2

[Event "WY U-16 Chess Olympiad 2019"]
[Site "Corum"]
[Date "2019.11.05"]
[Round "9"]
[White "Babazada, Khazar"]
[Black "Tarlabasi, Emirhan"]
[Result "1/2-1/2"]
[WhiteElo "2408"]
[BlackElo "2365"]
[Annotator "TA"]
[PlyCount "35"]
[EventDate "2019.10.28"]
[EventType "team-tourn"]
[EventCountry "TUR"]
[SourceTitle "playchess.com"]
[Source "ChessBase"]
[SourceQuality "1"]

1. d4 d5 2. Nf3 Nf6 3. c4 e6 4. g3 Be7 5. Bg2 O-O 6. O-O dxc4 7. Qc2 a6 8. a4 Bd7 9. Rd1 Bc6 10. Nc3 Bxf3 11. Bxf3 Nc6 12. Bxc6 bxc6 13. a5 Rb8 14. Bg5 Rb4 15. Na2 Rb5 16. Bxf6 Bxf6 17. Qxc4 Rxa5 18. Nb4 1/2-1/2

[Event "WY U-16 Chess Olympiad 2019"]
[Site "Corum"]
[Date "2019.11.05"]
[Round "9"]
[White "Avila Pavas, Santiago"]
[Black "Gan-Erdene, Sugar"]
[Result "1/2-1/2"]
[WhiteElo "2406"]
[BlackElo "2407"]
[Annotator "TA"]
[PlyCount "79"]
[EventDate "2019.10.28"]
[EventType "team-tourn"]
[EventCountry "TUR"]
[SourceTitle "playchess.com"]
[Source "ChessBase"]
[SourceQuality "1"]

1. e4 c5 2. Nf3 e6 3. b3 d6 4. Bb2 Nf6 5. e5 dxe5 6. Nxe5 Nbd7 7. Nf3 Be7 8. g3 b6 9. Bg2 Bb7 10. O-O O-O 11. Nc3 a6 12. Qe2 Qc7 13. d3 Rad8 14. Rad1 b5 15. a4 c4 16. axb5 cxb3 17. cxb3 Qb6 18. Qe3 Bc5 19. d4 Bb4 20. bxa6 Bxa6 21. Rfe1 Rc8 22. Nd2 Ng4 23. Qf3 Nde5 24. Rxe5 Nxe5 25. dxe5 Bxc3 26. Bxc3 Rfd8 27. Ne4 Qxb3 28. Rxd8+ Rxd8 29. h4 Bb7 30. Ba5 Qxf3 31. Bxf3 Ra8 32. Bc7 Bd5 33. Kg2 Ra3 34. Bd6 Rd3 35. Bc5 h6 36. Be3 Ra3 37. Nd2 Bxf3+ 38. Nxf3 Kh7 39. Nd4 Ra5 40. Bf4 1/2-1/2

[Event "WY U-16 Chess Olympiad 2019"]
[Site "Corum"]
[Date "2019.11.05"]
[Round "9"]
[White "Nalbant, Tuna Onat"]
[Black "Krstulovic, Alex"]
[Result "1/2-1/2"]
[WhiteElo "2401"]
[BlackElo "2324"]
[Annotator "TA"]
[PlyCount "30"]
[EventDate "2019.10.28"]
[EventType "team-tourn"]
[EventCountry "TUR"]
[SourceTitle "playchess.com"]
[Source "ChessBase"]
[SourceQuality "1"]

1. e4 c6 2. d4 d5 3. Nc3 dxe4 4. Nxe4 Nf6 5. Nxf6+ exf6 6. c3 Bd6 7. Bd3 O-O 8. Qc2 Re8+ 9. Ne2 h5 10. O-O h4 11. Bd2 Nd7 12. Rae1 Nf8 13. Nf4 Ne6 14. Nxe6 Bxe6 15. Bf5 Qd7 1/2-1/2

[Event "WY U-16 Chess Olympiad 2019"]
[Site "Corum"]
[Date "2019.11.05"]
[Round "9"]
[White "Gharibyan, Mamikon"]
[Black "Lazavik, Denis"]
[Result "1/2-1/2"]
[WhiteElo "2388"]
[BlackElo "2368"]
[Annotator "TA"]
[PlyCount "56"]
[EventDate "2019.10.28"]
[EventType "team-tourn"]
[EventCountry "TUR"]
[SourceTitle "playchess.com"]
[Source "ChessBase"]
[SourceQuality "1"]

1. d4 d5 2. c4 c6 3. Nf3 Nf6 4. e3 Bf5 5. Nc3 e6 6. Nh4 Be4 7. f3 Bg6 8. Qb3 Qc7 9. Bd2 Be7 10. Rc1 Nbd7 11. g3 dxc4 12. Bxc4 O-O 13. Nxg6 hxg6 14. O-O e5 15. Qc2 exd4 16. exd4 Nb6 17. Bb3 Qd7 18. Be3 Nbd5 19. Bg5 Rae8 20. Rfe1 Bd8 21. Na4 Nb6 22. Nxb6 Qxd4+ 23. Kg2 Rxe1 24. Rxe1 Qxb6 25. Be3 Qb4 26. Bd2 Qb6 27. Be3 Qb4 28. Bd2 Qb6 1/2-1/2

[Event "WY U-16 Chess Olympiad 2019"]
[Site "Corum"]
[Date "2019.11.05"]
[Round "9"]
[White "Assaubayeva, Bibisara"]
[Black "Avalyan, Artur"]
[Result "1/2-1/2"]
[WhiteElo "2381"]
[BlackElo "2395"]
[Annotator "TA"]
[PlyCount "134"]
[EventDate "2019.10.28"]
[EventType "team-tourn"]
[EventCountry "TUR"]
[SourceTitle "playchess.com"]
[Source "ChessBase"]
[SourceQuality "1"]

1. Nf3 d5 2. g3 Nc6 3. d4 Bf5 4. Bg2 Nb4 5. Na3 e6 6. c3 Nc6 7. Nc2 Be7 8. O-O Nf6 9. Nce1 h6 10. Nd3 O-O 11. b3 Be4 12. Bb2 a5 13. a4 Re8 14. Rc1 Rb8 15. Nfe5 Nxe5 16. Nxe5 Bxg2 17. Kxg2 Nd7 18. Nd3 c5 19. c4 dxc4 20. bxc4 cxd4 21. Bxd4 Bf6 22. Be3 Bg5 23. f4 Bf6 24. c5 Qc7 25. Qb3 Qc6+ 26. Kg1 e5 27. f5 Qe4 28. Nb2 Rec8 29. Rc4 Qc6 30. Rfc1 Be7 31. Qb5 Ra8 32. Nd3 Ra6 33. Rb1 Rc7 34. Bf2 h5 35. Qxc6 bxc6 36. e4 Raa7 37. Be1 g6 38. fxg6 fxg6 39. Kg2 Kf7 40. Rc2 Ke6 41. Kf3 Rcb7 42. Rcb2 Rxb2 43. Rxb2 Bxc5 44. Rc2 Kd6 45. Bc3 Bb6 46. Nb2 Ke6 47. Bd2 Nb8 48. Nc4 Rf7+ 49. Ke2 Rf2+ 50. Kd3 Rf3+ 51. Ke2 Rf2+ 52. Kd3 Bd4 53. Nxa5 Kd7 54. Nb3 Ba7 55. Bc3 Rf3+ 56. Kc4 Re3 57. Bxe5 Rxe4+ 58. Bd4 Bxd4 59. Nxd4 Na6 60. Kd3 Rg4 61. Nxc6 Rxa4 62. Ne5+ Ke6 63. Nc6 Kd6 64. Ke3 Nc5 65. Nd4 Kd5 66. Ne2 Ra3+ 67. Rc3 Rxc3+ 1/2-1/2